[Event "USA-ch01 prel 14 corr"]
[Site "USA"]
[Date "1972.??.??"]
[Round "?"]
[White "Bearce, Harold L"]
[Black "Scardina, Joseph"]
[Result "0-1"]
[WhiteElo "1700"]
[BlackElo "1326"]
[PlyCount "66"]
[EventDate "1972.??.??"]
[EventType "tourn (corr)"]
[EventRounds "9"]
[EventCountry "USA"]
[SourceTitle "Corr 2006"]
[Source "ChessBase"]
[SourceDate "2006.04.01"]
[SourceVersion "3"]
[SourceVersionDate "2006.04.01"]
[SourceQuality "1"]

1. e4 c5 2. Nf3 d6 3. d4 cxd4 4. Nxd4 Nf6 5. Nc3 Nc6 6. Bg5 a6 7. Qd2 e6 8. 0-0-0 h6 9. Be3 Bd7 10. f3 Be7 11. g4 b5 12. Nxc6 Bxc6 13. Bd3 d5 14. e5 Nd7 15. Bd4 Nb6 16. f4 b4 17. Ne2 Qc7 18. Kb1 Nc4 19. Qe1 Bb5 20. Nc1 a5 21. Qf2 a4 22. f5 Qc6 23. h4 Na3+ 24. bxa3 Bxd3 25. Nxd3 bxa3 26. Ka1 Kd7 27. Rh2 Rab8 28. Rb1 Rxb1+ 29. Kxb1 Rb8+ 30. Ka1 Qb5 31. Rh1 Qc4 32. Nf4 Bc5 33. Rd1 Rb2 0-1